Skispringer zu Land - Statistiken

Allgemein
  • Dieses Quiz wurde 55 mal gespielt
  • Das Durchschnittsergebnis liegt bei 16 aus 20
Antwortstatistiken
Skispringer Land % Korrekt
Karl Geiger Deutschland
100%
Ryoyu Kobayashi Japan
100%
Johann Andre Forfang Norwegen
100%
Sandro Hauswirth Schweiz
100%
Marius Lindvik Norwegen
96%
Gregor Deschwanden Schweiz
96%
Ren Nikaido Japan
95%
Domen Prevc Slowenien
95%
Antti Aalto Finnland
94%
Kristoffer Eriksen Sundal Norwegen
92%
Stephan Embacher Österreich
92%
Andreas Wellinger Deutschland
91%
Tomofumi Naito Japan
91%
Piotr Zyla Polen
91%
Felix Hoffmann Deutschland
90%
Daniel Tschofenig Österreich
90%
Philipp Raimund Deutschland
89%
Jan Hörl Österreich
86%
Kacper Tomasiak Polen
85%
Anze Lanisek Slowenien
84%
Jason Colby Vereinigte Staaten
84%
Naoki Nakamura Japan
82%
Niko Kytosaho Finnland
78%
Pawel Wasek Polen
78%
Valentin Foubert Frankreich
77%
Fatih Arda Ipcioglu Türkei
75%
Vladimir Zografski Bulgarien
74%
Artti Aigro Estland
71%
Roman Koudelka Tschechien
71%
Tate Frantz Vereinigte Staaten
71%
Qiwu Song China
69%
Giovanni Bresadola Italien
68%
Timi Zajc Slowenien
67%
Kevin Bickner Vereinigte Staaten
67%
Yevhen Marusiak Ukraine
63%
Alex Insam Italien
48%
Hektor Kapustik Slowakei
48%
Enzo Milesi Frankreich
47%
Danil Vassilyev Kasachstan
47%
Ilya Mizernykh Kasachstan
43%
Muhammed Ali Bedir Türkei
38%
Daniel Andrei Cacina Rumänien
19%
Keine übereinstimmenden Quizze gefunden
Verteilung der Resultate
Anzahl Personen mit jedem Resultat
Perzentil nach korrekt beantworteten Fragen
Ihre Resultats-Entwicklung
Sie haben dieses Quiz noch nicht gespielt